| 000 | 00713nam a2200217 i 4500 | ||
|---|---|---|---|
| 001 | 171417 | ||
| 003 | ES-MaACL | ||
| 005 | 20250830053606.0 | ||
| 007 | t| | ||
| 008 | 090514s1972 sp |||| | spa d | ||
| 100 | 1 |
_aGarcía Cordero, Maximiliano. _954383 |
|
| 245 | 1 | 0 |
_aTeología de la Biblia. _nII-III, _pNuevo Testamento / _cpor Maximiliano García Cordero. |
| 260 |
_aMadrid : _b[La Editorial Católica], _c1972. |
||
| 300 |
_a2 v. ; _c20 cm. |
||
| 490 | 1 |
_aBiblioteca de autores cristianos ; _v335, 336 |
|
| 500 | _aÍndices. | ||
| 650 | 0 | 7 |
_aTeología bíblica _2embne _917465 |
| 830 | 0 | 0 |
_aBiblioteca de autores cristianos _v335, 336 _9178679 |
| 852 |
_aES-MaACL _jJ-328-29 |
||
| 999 |
_c171417 _d171417 |
||